| Tag |
First Indicator |
Second Indicator |
Subfields |
| LEADER |
00000cam a2200000 4500 |
| 001 |
in00000024225 |
| 005 |
20151007061049.0 |
| 008 |
800627q19001909nyua 000 0 eng d |
| 035 |
|
|
|a (OCoLC)06468672
|
| 035 |
|
|
|9 AAD0981AM
|
| 040 |
|
|
|a TXA
|c TXA
|d UtOrBLW
|
| 049 |
|
|
|a TXAM
|c [48296]
|
| 090 |
|
|
|a PZ8
|b .S348 1900z
|
| 092 |
|
|
|a 808.83
|b S587
|
| 245 |
0 |
4 |
|a The Silver fairy book ...
|
| 264 |
|
1 |
|a New York :
|b Burt,
|c [between 1900 and 1909?]
|
| 300 |
|
|
|a 320 pages :
|b illustrations
|
| 336 |
|
|
|a text
|b txt
|2 rdacontent
|
| 337 |
|
|
|a unmediated
|b n
|2 rdamedia
|
| 338 |
|
|
|a volume
|b nc
|2 rdacarrier
|
| 650 |
|
0 |
|a Fairy tales.
|
| 650 |
|
0 |
|a Children's literature.
|
| 999 |
|
|
|a MARS
|
| 999 |
f |
f |
|s 5da04392-1877-3311-b40c-1571e71040d9
|i 0e1f5443-c9a0-31b3-8617-4f4edc95c793
|t 0
|
| 952 |
f |
f |
|p normal
|a Texas A&M University
|b College Station
|c Sterling C. Evans Library
|d Evans: Library Stacks
|t 0
|e PZ8 .S348 1900z
|h Library of Congress classification
|i unmediated -- volume
|m A14801203789
|
| 998 |
f |
f |
|a PZ8 .S348 1900z
|t 0
|l Evans: Library Stacks
|